00697nam a2200265Ia 450000500170000000800460001702000180006303700100008104000080009104000080009904000080010704100080011504100080012308400080013110000270013924500450016626000230021126000090023436500050024336500080024885600530025694200100030999900210031995200910034020260324130134.0008 260324s9999 xx 000 0 eng d a9781315233673 aEBOOK aCRL beng cCRL 2eng aeng qCRL aZoë Kinsley91180655 0aWomen Writing the Home Tour, 1682–1812 bTaylor and Francis c2008 a b240 uhttp://www.taylorfrancis.com/books/9781315233673 cEBOOK c1776551d1776551 00104070aCRLbCRLd2026-03-24l0pCL2058726r2026-03-24 13:01:34w2026-03-24yEBOOK